Postavenie a úlohy podsystému Účtovníctvo v ERP systémoch výrobných podnikov bakalárska práca
Na minha lista:
| Autor principal: | |
|---|---|
| Autor Corporativo: | |
| Outros Autores: | |
| Formato: | Livro |
| Idioma: | eslovaco |
| Publicado em: |
Bratislava
2009
|
| Tags: |
Sem tags, seja o primeiro a adicionar uma tag!
|
MARC
| LEADER | 00000nam$a2200000$$$4500 | ||
|---|---|---|---|
| 001 | 0100985 | ||
| 005 | 20240319122948.4 | ||
| 041 | 0 | |a slo | |
| 044 | |a SK | ||
| 245 | 1 | 0 | |a Postavenie a úlohy podsystému Účtovníctvo v ERP systémoch výrobných podnikov |b bakalárska práca |c Klaudia Barthová ; škol. Jozef Stašák |
| 264 | 1 | |a Bratislava |c 2009 | |
| 300 | |a 37 s. | ||
| 100 | 1 | |a Barthová, Klaudia | |
| 700 | 1 | |a Stašák, Jozef | |
| 710 | 2 | |a Fakulta hospodárskej informatiky EU. Katedra aplikovanej informatiky | |